| 000 | 00926nam a22002057a 4500 | ||
|---|---|---|---|
| 999 |
_c6668 _d6668 |
||
| 003 | AR-CdUCM | ||
| 008 | 190319b ||||| |||| 00| 0 spa d | ||
| 020 | _a84-205-0425-4 | ||
| 040 |
_aMUNICIPALIDAD PROVINCIAL DEL CUSCO _cBIBLIOTECA MUNICIPAL DEL CUSCO |
||
| 082 |
_a541 / _bG26 |
||
| 100 |
_aGarrido, J. _918760 |
||
| 245 | _aForma y Estructura de los Cristales / | ||
| 260 |
_aEspaña : _bAlhambra ; _c1973. |
||
| 300 |
_a278 páginas ; _bDiagramas, tablas, ilustraciones, fórmulas _c20cm |
||
| 440 |
_aColección Exedra - Ciencia Técnica Ingeniería _n81 _918761 |
||
| 505 | _aContenido: Propiedades de la forma -- Características de la formas cristalinas -- Características de las estructuras cristalinas -- Relaciones entre la forma y la estructura de los cristales -- Influencia de los agentes exteriores sobre la forma de los cristales... | ||
| 650 |
_aQuímica _94512 |
||
| 942 |
_2ddc _cLIBROS |
||
| 945 | _anom | ||